书目信息 |
| 题名: |
战后海军的发展
|
|
| 作者: | 波塔波夫 , Потпов 著 ;南京师范学院外语系俄语翻译组 译 | |
| 分册: | ||
| 出版信息: | 上海 上海人民出版社 1977 |
|
| 页数: | 299页 | |
| 开本: | 19cm | |
| 丛书名: | ||
| 单 册: | ||
| 中图分类: | E153 | |
| 科图分类: | ||
| 主题词: | 海军--世界--现代 | |
| 电子资源: | ||
| ISBN: | ||
| 000 | 00811nam0 2200253 45 | |
| 001 | 0177003680 | |
| 005 | 20060731165330.51 | |
| 010 | @dCNY0.63 | |
| 091 | @aCN@b5171.11 | |
| 100 | @a19951015d1977 em y0chiy0121 ea | |
| 101 | 1 | @achi@crus |
| 102 | @aCN@b310000 | |
| 105 | @ay z 000yy | |
| 200 | 10 | @a战后海军的发展@Azhan hou hai jun de fa zhan@f(苏)И.Н.波塔波夫(И.Н.Потпов)著@g南京师范学院外语系俄语翻译组译 |
| 210 | @a上海@c上海人民出版社@d1977 | |
| 215 | @a299页@d19cm | |
| 606 | @a海军@y世界@z现代 | |
| 690 | @aE153@v3 | |
| 701 | 1 | @a波塔波夫@Abo ta bo fu@bИ.Н.@4著 |
| 701 | 1 | @aПотпов@bИ.Н.@4著 |
| 712 | 02 | @a南京师范学院外语系俄语翻译组@Anan jing shi fan xue yuan wai yu xi e yu fan yi zu@4译 |
| 801 | 2 | @aCN@bNLC@c20060731 |
| 801 | 0 | @aCN@bTSSF |
| 905 | @a10447@dE153@e22 | |
| 战后海军的发展/(苏)И.Н.波塔波夫(И.Н.Потпов)著/南京师范学院外语系俄语翻译组译.-上海:上海人民出版社,1977 |
| 299页;19cm |
| ISBN :CNY0.63 |
| ● |
| 相关链接 |
|
|
|
|
正题名:战后海军的发展
索取号:E153/22
 
预约/预借
| 序号 | 登录号 | 条形码 | 馆藏地/架位号 | 状态 | 备注 |
| 1 | 0441030 | 204410306 | 密集书库/ [索取号:E153/22] | 在馆 |